| 000 | 00000nam##2200000za#4500 |
| 001 | 9.696988 |
| 003 | CaOODSP |
| 005 | 20250506145324 |
| 007 | cr ||||||||||| |
| 008 | 150407|1992||||xxc|||||o f|0| 0 eng|d |
| 040 | |aCaOODSP|beng |
| 043 | |an-cn--- |
| 086 | 1 |aA63-1886/1992E-PDF |
| 110 | 1 |aCanada.|bAgriculture Canada. |
| 245 | 10|aDLS and Arcott sheep : |h[electronic resource]|bnew Canadian breeds / |c[by] M. H. Fahmy and J. N. B. Shrestha. |
| 260 | |aOttawa - Ontario : |bAgriculture Canada |cc1992. |
| 300 | |a32p.|btables, photographs |
| 500 | |aHistorical publication digitized by Agriculture and Agri-Food Canada. The catalogue number (A63-1886/1992E) and ISBN (0-662-19920-0) for the print edition have been copied in this electronic publication. |
| 590 | |a12-43-Supp|b2012-12-07 |
| 690 | 07|aSheep|2gcpds |
| 775 | 08|tMoutons DLS et Arcott : |w(CaOODSP)9.641062 |
| 776 | 0#|tDLS and Arcott sheep : |w(CaOODSP)9.645138 |
| 856 | 40|ahttp://publications.gc.ca|qPDF|s1.76 MB|uhttps://publications.gc.ca/collections/collection_2012/agr/A63-1886-1992-eng.pdf |
| 986 | |aPublication 1886E |